[Event "Palmanova Blau Escacs op 1st"]
[Site "Palmanova"]
[Date "2015.04.11"]
[Round "1"]
[White "Paterson, Andrew I"]
[Black "Taborda Cembalo, Luciano"]
[Result "1-0"]
[WhiteElo "1974"]
[BlackElo "1444"]
[PlyCount "49"]
[EventDate "2015.04.11"]
[EventType "swiss"]
[EventRounds "9"]
[EventCountry "ESP"]
[SourceTitle "CBM 166 Extra"]
[Source "ChessBase"]
[SourceDate "2015.06.18"]
[SourceVersion "1"]
[SourceVersionDate "2015.06.18"]
[SourceQuality "1"]

1. e4 e5 2. Nf3 Nc6 3. Bb5 a6 4. Ba4 Nf6 5. d3 d6 6. c3 b5 7. Bb3 Na5 8. Bc2 c5 9. Nbd2 Qc7 10. 0-0 Be7 11. Re1 0-0 12. Nf1 Re8 13. Bg5 Nc6 14. Rc1 Bb7 15. Ne3 Nd7 16. Nf5 Bxg5 17. Nxg5 Nf6 18. Bb3 Nd8 19. Re3 Ne6 20. Rg3 Nxg5 21. Rxg5 Kh8 22. Rxg7 c4 23. Qd2 d5 24. Qh6 Re6 25. Rxh7+ 1-0